|
|
|
|
| LEADER |
02245nam a2200541 a 4500 |
| 001 |
nkc20122432700 |
| 003 |
CZ PrNK |
| 005 |
20130208133538.0 |
| 007 |
ta |
| 008 |
130109s2012 xr ac e c 000 0dcze |
| 015 |
|
|
|z cnb002432700
|
| 020 |
|
|
|a 978-80-85090-98-7
|q (brož.)
|
| 040 |
|
|
|a BOA001
|b cze
|d ABA001
|
| 043 |
|
|
|a e-xr---
|
| 045 |
|
|
|a x7y0
|
| 072 |
|
7 |
|a 72/76
|x Výtvarné umění
|2 Konspekt
|9 21
|
| 080 |
|
|
|a 72/76(437.3)
|2 MRF
|
| 080 |
|
|
|a 74/76.05
|2 MRF
|
| 080 |
|
|
|a 087.5
|2 MRF
|
| 080 |
|
|
|a (437.3)
|2 MRF
|
| 080 |
|
|
|a (083.824)
|2 MRF
|
| 100 |
1 |
|
|a Kremláček, Josef,
|d 1937-2015
|7 jn19990209425
|4 art
|
| 245 |
1 |
0 |
|a Josef Kremláček /
|c [text Hana Nováková ; fotografie Jan Brodský]
|
| 260 |
|
|
|a V Litoměřicích :
|b Severočeská galerie výtvarného umění,
|c [2012]
|
| 300 |
|
|
|a [16] s. :
|b barev. il., 1 portrét ;
|c 21 cm
|
| 500 |
|
|
|a Název z obálky
|
| 500 |
|
|
|a Katalog k výstavě pořádané v Severočeské galerii výtvarného umění v Litoměřicích od 7.12.2012 do 3.2.2013
|
| 500 |
|
|
|a Životopisná data, přehled výstav, ocenění a zastoupení ve sbírkách
|
| 504 |
|
|
|a Obsahuje bibliografii
|
| 600 |
1 |
7 |
|a Kremláček, Josef,
|d 1937-2015
|7 jn19990209425
|2 czenas
|
| 648 |
|
7 |
|a 20.-21. století
|7 ch462155
|2 czenas
|
| 648 |
|
4 |
|a 1974-2009
|
| 650 |
0 |
7 |
|a české výtvarné umění
|7 ph116865
|y 20.-21. století
|2 czenas
|
| 650 |
0 |
7 |
|a knižní ilustrace
|7 ph114931
|z Česko
|y 20.-21. století
|2 czenas
|
| 650 |
0 |
7 |
|a dětské knihy
|7 ph114397
|z Česko
|y 20.-21. století
|2 czenas
|
| 650 |
0 |
9 |
|a Czech art
|y 20th-21st centuries
|2 eczenas
|
| 650 |
0 |
9 |
|a illustration of books
|z Czechia
|y 20th-21st centuries
|2 eczenas
|
| 650 |
0 |
9 |
|a children's books
|z Czechia
|y 20th-21st centuries
|2 eczenas
|
| 655 |
|
7 |
|a katalogy výstav
|7 fd132536
|2 czenas
|
| 655 |
|
9 |
|a exhibition catalogs
|2 eczenas
|
| 700 |
1 |
|
|a Nováková, Hana,
|d 1958-
|7 jo2008425622
|4 wfw
|
| 700 |
1 |
|
|a Brodský, Jan,
|d 1952-
|7 jn99240000096
|4 pht
|
| 710 |
2 |
|
|a Severočeská galerie výtvarného umění (Litoměřice, Česko)
|7 kn20020321436
|
| 910 |
2 |
|
|a BOA001
|b 2-1298.062
|
| 990 |
|
|
|a BK
|
| 995 |
|
|
|a 11
|
| 991 |
|
|
|b 201301
|c NOV
|e n
|
| 996 |
6 |
|
|b 2610531875
|c 2-1298.062
|l MZK
|r Sklad / do 1 hodiny
|n 4
|p p.v.
|w 001307185
|u 000010
|a 1
|e BOA001
|j MZK50
|s P
|